Responses for Show #5748 - Wednesday, September 16, 2009

Contestants

[<< previous game]

Marcus Jackson, an Air Force officer and helicopter pilot from Andrews Air Force Base, Maryland

Gary Bechtold, a garage door company owner from St. Cloud, Minnesota

Judy Nakamura, a stay-at-home wife from Seattle, Washington (whose 1-day cash winnings total $14,400)

[next game >>]

Jeopardy! Round responses

SCIENC"E"
(Alex: Now only nine men have ever made the cover of Playboy. We're gonna tell you about five of them in...)
PLAYBOY COVER BOYS
5 SQUARE MEALS
EXTREMELY YOUTHFUL POLITICIANS
BOOKISH
AS EASY AS A-B-C
(Alex: And each correct response will have "A", "B" and "C"--those letters in that order.)
    $200 16
an earthquake

Gary
    $200 1
Trump

Marcus
    $200 22
(Marcus: What is White Castle?)

Wendy's

JudyMarcus
    $200 21
Obama

Judy
    $200 11
Don Quixote

Gary
    $200 6
iambic

Marcus
    $400 17
an electron

Gary
    $400 2
(Judy: Who is Buster Keaton?)

Peter Sellers

Judy
Triple Stumper
    $400 23
Life

Judy
    $400 27
(Al) Gore

Gary
    $400 12
Brave New World

Gary
    $400 7
monosyllabic

Triple Stumper
    $600 18
Ebola

Marcus
    $600 3
Seth Rogen

Judy
    $600 24
(Judy: What is cheddar?)
...
(Alex: Less than a minute to go, now, Judy.)

singles

Judy
Triple Stumper
    $600 28
(Ralph) Nader

Gary
    $600 13
Scott Turow

Judy
    $600 8
fabricate

Marcus
    $1,000 19
your equilibrium

Marcus
    $800 4
(Judy: Who is Paul Stanley?)
(Marcus: Who is Ace Frehley?)

Gene Simmons

JudyGaryMarcus
    $800 25
Sicilian

Gary
    $800 29
[The end-of-round signal sounds.]

(Dick) Cheney

Marcus
    $800 14
(Candace) Bushnell

Judy
    $800 9
jabberwocky

Triple Stumper
    $1000 20
entropy

Marcus
    $1000 5
Leslie Nielsen

Judy
    $1000 26
matzo

Judy
    $1000 15
Philip Roth

Triple Stumper
    $1000 10
diamondback

Marcus

Scores at the first commercial break (after clue 13):

Judy Gary Marcus
$1,000 $1,400 $1,200

Scores at the end of the Jeopardy! Round:

Judy Gary Marcus
$3,000 $3,800 $4,400

Double Jeopardy! Round responses

AUSTRALIAN GEOGRAPHY
MUSICAL MENAGERIE
COMPANY NAME ORIGINS
DOUBLE, DOUBLE
T"OIL"
TROUBLE
    $400 25
Victoria

Judy
    $400 19
The Monkees

Judy
    $400 14
a caterpillar

Marcus
    $400 11
John Paul

Marcus
    $400 1
(Judy: Uh... boilerplate, what is boilerplate?)

a potboiler

Judy
Triple Stumper
    $400 6
Catholicism

Judy
    $800 27
Tasmania

Gary
    $800 20
Three Dog Night

Marcus
    $800 15
GEICO

Marcus
    $800 12
woodwinds

Gary
    $800 2
a hydrofoil

Marcus
    $800 7
World War I

Judy
    $1200 28
Christmas Island

Gary
    $1200 21
The Stray Cats

Marcus
    $1200 16
Virgin

Marcus
    $1200 13
Hercules

Triple Stumper
    $1200 3
recoil

Judy
    $1200 8
hot water

Marcus
    $1600 29
the Tropic of Capricorn

Marcus
    $1600 22
the Scorpions

Marcus
    $1600 17
Arm & Hammer

Triple Stumper
    $1600 24
(Francis) Crick

Marcus
    $1,000 4
Troilus

Judy
    $1600 9
Job

Judy
    $2000 30
the Great Barrier Reef

Gary
    $2000 23
Counting Crows

Gary
    $2000 18
Circuit City

Judy
    $2,000 26
(Judy: What is...)
(Alex: Say something.)
(Judy: Greece?)

Egypt

Judy
    $2000 5
soil

Judy
    $2000 10
Romanov

Gary

Scores at the end of the Double Jeopardy! Round:

Judy Gary Marcus
$10,400 $12,600 $16,000

[wagering suggestions for these scores]

Final Jeopardy! Round responses

20th CENTURY WOMEN
(Alex: [To Gary] Yes, Olympic figure skating gold medalist.)
JudyWho is Esther Williams?
$6,400
GaryWho is Sonia Henie?
$1,000
MarcusWho Is E.Williams?
$9,201
Sonja Henie

Final scores:

Judy Gary Marcus
$4,000 $13,600 $6,799
3rd place: $1,000 New champion: $13,600 2nd place: $2,000

Game dynamics:

Coryat scores:

Judy Gary Marcus
$13,000 $12,600 $15,800
17 R
(including 1 DD),
5 W
(including 1 DD)
14 R,
0 W
19 R
(including 1 DD),
2 W

Combined Coryat: $41,400

[game clues] [game scores] [suggest correction]

Game tape date: 2009-07-28
The J! Archive is created by fans, for fans. Scraping, republication, monetization, and malicious use prohibited; this site may use cookies and collect identifying information. See terms. The Jeopardy! game show and all elements thereof, including but not limited to copyright and trademark thereto, are the property of Jeopardy Productions, Inc. and are protected under law. This website is not affiliated with, sponsored by, or operated by Jeopardy Productions, Inc. Join the discussion at JBoard.tv.